000 00507nam a2200193Ia 4500
005 20260618135520.0
008 131103s9999 xx 000 0 und d
040 _aLoreto College
041 _aEnglish
082 _a232
_bGAL
100 _aGallwey, Father P.
245 4 _aThe watches of the sacred passion with before and after
_cFather P.Gallwey
260 _aLondon
_bArt and book
_c1902
300 _aV.2
504 _aIncludes index
650 _aChristianity
850 _aLCLIB
942 _cBK
999 _c25706
_d76185